| 000 | 00760nam a22002057a 4500 | ||
|---|---|---|---|
| 003 | OSt | ||
| 005 | 20251023063413.0 | ||
| 008 | 250930b |||||||| |||| 00| 0 eng d | ||
| 020 | _a978-0-910627-96-2. | ||
| 040 |
_aDWCL-Main lib _cOC |
||
| 082 | _aCirc. 647.95068 Ad211r 2008 | ||
| 100 | _aAdams, Angela C. | ||
| 245 |
_aThe restaurant manager's success chronicles : _binsiders secrets and techniques food service managers use every day to make millions |
||
| 260 |
_aFlorida : _bAtlantic Pub. Group Inc., _cc2008. |
||
| 300 |
_a284 pages : _billustration ; _c23 cm. |
||
| 504 | _aIncludes bibliographical references and index. | ||
| 650 | _21. Restaurant management-Case studies. | ||
| 651 | _22. Restaurateurs-Interviews. | ||
| 942 |
_2ddc _cBK-CIRC _kCirc. _n0 |
||
| 999 |
_c4550 _d4550 |
||